000 00666nam a2200241Ia 4500
003 OSt
005 20220918210252.0
006 a|||||r|||| 00| 0
007 ta
008 220917b |||||||| |||| 00| 0 eng d
024 _a119,899
037 _cTextual
040 _aARTS
_cARTS
_beng
041 _2eng
_aeng
082 _aV687.N39-N00, L6
100 _aTignor R L
_9115507
245 0 _aColonial transformation of Kenya
_b Kamba, Kikuyu and Massai from 1900 to 1939
260 _aN Jersey
_b P U P
_c1976
300 _a372p.
_ccm.
650 _aHISTORY
942 _hV687.N39-N00, L6
_cTEXL
_2CC
999 _c243157
_d243157